| 000 -LEADER |
| fixed length control field |
01066nam a22001817a 4500 |
| 005 - DATE AND TIME OF LATEST TRANSACTION |
| control field |
20260127145259.0 |
| 008 - FIXED-LENGTH DATA ELEMENTS--GENERAL INFORMATION |
| fixed length control field |
230714b ||||| |||| 00| 0 eng d |
| 040 ## - CATALOGING SOURCE |
| Transcribing agency |
SSBUL |
| Modifying agency |
SSBUL |
| 082 ## - DEWEY DECIMAL CLASSIFICATION NUMBER |
| Edition number |
23 |
| Classification number |
၃၉၁.၆၅ အောင် ၁၆၀၅၁ (S-SAT) |
| 100 ## - MAIN ENTRY--PERSONAL NAME |
| Personal name |
အောင်သိန်း၊ |
| Titles and words associated with a name |
ဆင်ဖြူကျွန်း။ |
| 9 (RLIN) |
14537 |
| 245 ## - TITLE STATEMENT |
| Title |
မြန်မာ့ထိုးကွင်း မင်ကြောင်ဓလေ့ / |
| Statement of responsibility, etc. |
ဆင်ဖြူကျွန်းအောင်သိန်း။ |
| 260 ## - PUBLICATION, DISTRIBUTION, ETC. |
| Place of publication, distribution, etc. |
ရန်ကုန်၊ |
| Name of publisher, distributor, etc. |
စာပေဗိမာန်ပုံနှိပ်တိုက်၊ |
| Date of publication, distribution, etc. |
၁၉၈၆။ |
| 300 ## - PHYSICAL DESCRIPTION |
| Extent |
၁၄၃ စာမျက်နှာ၊ |
| Other physical details |
ရုပ်ပုံ၊ |
| Dimensions |
၁၈ စင်တီ။ |
| 500 ## - GENERAL NOTE |
| General note |
S-SAT: Dr. Prof Sai Aung Tun |
| 650 ## - SUBJECT ADDED ENTRY--TOPICAL TERM |
| Topical term or geographic name entry element |
ဆေးမင်ကြောင်ထိုးခြင်း။ |
| 9 (RLIN) |
28040 |
|
| Topical term or geographic name entry element |
မြန်မာနိုင်ငံ |
| Form subdivision |
ယဉ်ကျေးမှုနှင့် ဓလေ့ထုံးစံ။ |
| 9 (RLIN) |
28041 |
| 942 ## - ADDED ENTRY ELEMENTS (KOHA) |
| Source of classification or shelving scheme |
|
| Koha item type |
Book (Short term) |